Idaho Business Review

Bibliographic Details
Format: eBook
Language:English
Published: Minneapolis: BridgeTower Media Holding Company, LLC, 2014 -
Subjects:
Online Access:Acceso restringido

MARC

LEADER 00000nam a22000007a 4500
005 2019101703573.0
007 cr|||| ||||
008 191017s20149999us wr|w s|||| 0|||b1eng d
022 |a 8750-4022 
035 |a 22265 
040 |a vLex 
090 |c 9883  |d 9883 
245 0 0 |a Idaho Business Review  |h [Recurso electrn̤ico] / 
256 |a Servicio en ln̕ea 
260 |a Minneapolis:  |b BridgeTower Media Holding Company, LLC,  |c 2014 - 
300 |a 1 recurso electrn̤ico 
310 |a Semanal 
506 1 |a Disponible solo en los productos indicados  |d vLex Global  |d vLex Global (Academic Edition, excluding Law Schools)  |d vLex Global (Academic Edition, Law Schools) 
650 0 4 |a Materias no jurd̕icas  |z Estados Unidos 
650 0 4 |a Economa̕ y negocios  |z Estados Unidos 
740 0 |a vLex Revistas (Servicio en ln̕ea) 
856 4 0 |u http://vlex.com/source/22265  |z Acceso restringido 
942 |c REV 
999 0 |a Non-legal matters 
999 0 |a Economy and business